[Event "Let's Play Chess!"]
[Site "http://www.queenalice.com/game.php?id=280852"]
[Date "2007.10.3"]
[Round "-"]
[White "ninaum"]
[Black "spawnwolfwolverine"]
[Result "1-0"]
[WhiteElo "1634"]
[BlackElo "1679"]

1. e4 e5 2. Nf3 d6 3. Bc4 Bg4 4. O-O Nf6 5. d3 Be7 6. Bg5 O-O 7. Nbd2 a6 8. a3
b5 9. Bb3 Nc6 10. h3 Bxf3 11. Nxf3 Nd4 12. Nxd4 exd4 13. Re1 h6 14. Bh4 g5 15.
Bg3 c6 16. e5 dxe5 17. Bxe5 c5 18. f4 Bd6 19. fxg5 hxg5 20. Qf3 Bxe5 21. Rxe5
Nh7 22. Rxc5 Qe7 23. Rd5 Rad8 24. Rf1 Rxd5 25. Qxd5 Kg7 26. Qxd4+ f6 27. h4 Rd8
28. Qg4 Qe3+ 29. Kh1 Qe5 30. Qh5 gxh4 31. Qxe5 fxe5 32. Rf7+ Kg6 33. Re7 Ng5 34.
Rxe5 h3 35. gxh3 Nf3 36. Re6+ Kf5 37. Rxa6 Kf4 38. Kg2 Rf8 39. Rb6 Rf5 40. Re6
Nh4+ 41. Kf2 Kg5+ 42. Ke2 Kf4 43. Re4+ Kg3 44. Re3+ Kg2 45. Be6 Rf2+ 46. Kd1 Kf1
47. Re1+ Kg2 48. Re2 Rxe2 49. Kxe2 Ng6 50. Bg4 Kg3 51. Ke3 Nf4 52. Kd4 Nxh3 53.
Bxh3 Kxh3 54. Kc5 Kg3 55. Kxb5 Kf3 56. a4 Ke3 57. a5 Kd2 58. d4 Kxc2 59. b4 Kc3
60. d5 Kd4 61. d6 Kc3 62. d7 Kb3 63. d8=Q Ka3 64. Qd3+ Kb2 65. a6 Ka1 66. Qd2
Kb1 67. a7 Ka1 68. a8=Q+ Kb1 69. Qaa2# 1-0

[Event "Let's Play Chess!"]
[Site "http://www.queenalice.com/game.php?id=280853"]
[Date "2007.10.3"]
[Round "-"]
[White "spawnwolfwolverine"]
[Black "ninaum"]
[Result "1-0"]
[WhiteElo "1661"]
[BlackElo "1604"]

1. c4 e5 2. e4 Nf6 3. d3 c6 4. Nf3 Qc7 5. Be2 d5 6. O-O dxe4 7. dxe4 Nxe4 8.
Nbd2 Nxd2 9. Bxd2 Be6 10. b3 Bc5 11. b4 Be7 12. c5 O-O 13. Bc3 f6 14. a3 Rd8 15.
Qc2 a5 16. Bd3 h6 17. Nh4 axb4 18. axb4 Rxa1 19. Rxa1 Nd7 20. Nf5 Nf8 21. Nxe7+
Qxe7 22. Rd1 Qf7 23. Bh7+ Nxh7 24. Rxd8+ Nf8 25. g3 Bd5 26. Qe2 Qc7 27. Ra8 Kf7
28. Qh5+ Ke7 29. Qe8# 1-0

[Event "pelo bom jogo !!"]
[Site "http://www.queenalice.com/game.php?id=286014"]
[Date "2007.10.13"]
[Round "-"]
[White "theblackfox"]
[Black "ninaum"]
[Result "0-1"]
[WhiteElo "1481"]
[BlackElo "1652"]

1. e4 e5 2. Nf3 Nc6 3. Bc4 Bc5 4. O-O Nf6 5. Ng5 O-O 6. Nc3 d6 7. Nd5 Nxd5 8.
Bxd5 Qxg5 9. d4 Qg6 10. dxc5 Nd4 11. a4 Bh3 12. g3 Bxf1 13. Bxb7 Rab8 14. c6 Be2
15. Qd2 Nf3+ 16. Kg2 Nxd2 17. Bxd2 Qxe4+ 18. Kg1 Bc4 19. Re1 Qxc2 20. Bg5 Bd5
21. Be7 Qf5 22. Bxf8 Qh3 23. f3 Bxf3 24. Re2 Bxe2 25. Kf2 Qf1+ 26. Ke3 Bd1 27.
Bxd6 Qe2# 0-1

[Event "quem fazer o penúltimo erro gan"]
[Site "http://www.queenalice.com/game.php?id=289060"]
[Date "2007.10.18"]
[Round "-"]
[White "ninaum"]
[Black "jw16js"]
[Result "1-0"]
[WhiteElo "1694"]
[BlackElo "1607"]

1. e4 e5 2. Nf3 d6 3. Bc4 Bg4 4. Nc3 h6 5. d3 Nc6 6. O-O Nd4 7. Be3 Nxf3+ 8.
gxf3 Bh3 9. Re1 Nf6 10. Ne2 a6 11. Ng3 g6 12. d4 b5 13. Bf1 Bxf1 14. Rxf1 h5 15.
h4 Qd7 16. Kh2 exd4 17. Qxd4 Qe6 18. Bg5 Be7 19. Rfe1 c5 20. Qc3 Rf8 21. e5 Nd5
22. Qd2 dxe5 23. f4 Rd8 24. Rxe5 Nb4 25. Qe2 Rd6 26. Bxe7 Qxe7 27. Rxe7+ Kd8 28.
Rb7 Nc6 29. Rd1 Kc8 30. Rxb5 Rxd1 31. Rxc5 Rd6 32. Qxa6+ Kd7 33. Qb7+ Ke6 34.
Rxc6 Rxc6 35. Qxc6+ Ke7 36. f5 Rd8 37. f6+ Kf8 38. Qc7 1-0

[Event "Let's Play Chess!"]
[Site "http://www.queenalice.com/game.php?id=289061"]
[Date "2007.10.19"]
[Round "-"]
[White "spawnwolfwolverine"]
[Black "ninaum"]
[Result "0-1"]
[WhiteElo "1630"]
[BlackElo "1680"]

1. c4 e5 2. d3 d6 3. e4 Nf6 4. Bg5 Be7 5. Nf3 Bg4 6. Be2 O-O 7. O-O Nc6 8. Nc3
a6 9. Bxf6 Bxf6 10. Nd5 Bxf3 11. Nxf6+ Qxf6 12. Bxf3 Nd4 13. b3 Qg5 14. a4 f5
15. Be2 fxe4 16. dxe4 Qf4 17. g3 Qxe4 18. Ra2 Rf6 19. Bd3 Nf3+ 20. Kh1 Qc6 21.
h4 Nxh4+ 22. Kg1 Qg2# 0-1

[Event "Challenge"]
[Site "http://www.queenalice.com/game.php?id=298350"]
[Date "2007.11.4"]
[Round "-"]
[White "ninaum"]
[Black "Andre251"]
[Result "1-0"]
[WhiteElo "1867"]
[BlackElo "1695"]

1. e4 e5 2. Nf3 Nc6 3. Bc4 Nh6 4. d4 d6 5. Bxh6 gxh6 6. dxe5 Bg4 7. exd6 Bxd6 8.
Nbd2 Qe7 9. Qe2 Nd4 10. Qd3 Nxf3+ 11. Nxf3 h5 12. h3 Bxf3 13. Qxf3 O-O-O 14.
O-O-O Qe5 15. Rd5 Qe6 16. Qf5 Qxf5 17. Rxf5 h4 18. Rxf7 Rhg8 19. Be6+ Kb8 20.
Bg4 Bf4+ 21. Rxf4 Rd4 22. Rd1 Ra4 23. a3 a6 24. Rd7 h5 25. Bf3 1-0

[Event "Let's Play Chess!"]
[Site "http://www.queenalice.com/game.php?id=308951"]
[Date "2007.11.23"]
[Round "-"]
[White "ninaum"]
[Black "PROFALEXANDRE"]
[Result "1-0"]
[WhiteElo "1853"]
[BlackElo "1533"]

1. e4 d5 2. exd5 Qxd5 3. Nc3 Qd6 4. Nf3 Bg4 5. Be2 Nf6 6. d3 Nh5 7. h3 Bd7 8.
Ne4 Qb6 9. Ne5 Nf6 10. Nxd7 Nbxd7 11. Nc3 Ne5 12. Bf4 Ned7 13. Rb1 e5 14. Be3
Qa5 15. O-O h6 16. Re1 Bb4 17. Bd2 Bxc3 18. Bxc3 Qxa2 19. Bf3 Qa6 20. Bxe5 O-O
21. Bxc7 Nh7 22. Ra1 Qb5 23. Ra2 Ng5 24. Bf4 Qf5 25. Bxg5 Qxg5 26. Bxb7 Rae8 27.
Rxa7 Nc5 28. Bf3 Qh4 29. Re2 f5 30. Qe1 Rd8 31. Qa5 Qd4 32. Qc3 Qxc3 33. bxc3
Nd7 34. Re7 Nf6 35. Rxg7+ Kh8 36. Rgf7 Rde8 37. Rxf8+ Rxf8 38. Ra8 Kg8 39. Rxf8+
Kxf8 40. g4 f4 41. Be4 Ke7 42. f3 Kd6 43. Kf2 Ke5 44. Ke2 h5 45. g5 Nxe4 46.
fxe4 h4 47. Kf3 Ke6 48. Kxf4 Kf7 49. Kf5 Kg7 50. g6 Kg8 51. Kf6 Kf8 52. g7+ Kg8
53. e5 Kh7 54. Kf7 1-0

[Event "Let's Play Chess!"]
[Site "http://www.queenalice.com/game.php?id=308952"]
[Date "2007.11.23"]
[Round "-"]
[White "spawnwolfwolverine"]
[Black "ninaum"]
[Result "0-1"]
[WhiteElo "1756"]
[BlackElo "1764"]

1. c4 e5 2. d3 Nf6 3. e4 c6 4. Bg5 Be7 5. Nf3 d6 6. Be2 Nbd7 7. O-O h6 8. Bxf6
Nxf6 9. b4 O-O 10. a4 Bg4 11. Nbd2 Re8 12. h3 Bh5 13. g4 Bg6 14. Nh2 d5 15. b5
dxe4 16. Nxe4 Nxe4 17. dxe4 Bxe4 18. Qxd8 Raxd8 19. f3 Bd3 20. Bxd3 Rxd3 21.
bxc6 bxc6 22. Rf2 Bc5 23. Kg2 Bxf2 24. Kxf2 e4 25. fxe4 Rxe4 26. Re1 Rd2+ 27.
Kf1 Rxe1+ 28. Kxe1 Rxh2 29. c5 f5 30. gxf5 Kf7 31. a5 Kf6 32. a6 Kxf5 33. h4 Ke4
34. h5 Ke3 35. Kf1 Re2 36. Kg1 Kf3 37. Kf1 Rh2 38. Kg1 Rd2 39. Kf1 Rd1# 0-1

[Event "Let's Play Chess!"]
[Site "http://www.queenalice.com/game.php?id=309651"]
[Date "2007.11.25"]
[Round "-"]
[White "paddymalonespub"]
[Black "ninaum"]
[Result "0-1"]
[WhiteElo "1613"]
[BlackElo "1726"]

1. e4 e5 2. Nf3 Nc6 3. Bb5 a6 4. Bxc6 dxc6 5. Nxe5 Qg5 6. d4 Qxg2 7. Rf1 Qxe4+
8. Be3 Nf6 9. Nc3 Qg2 10. Qe2 Bh3 11. O-O-O Bf5 12. Nf3 Bg4 13. Bg5+ Be7 14.
Rfe1 O-O-O 15. Qxe7 Qxf3 16. Bxf6 gxf6 17. Qxf7 Qxf2 18. Re7 Rd7 19. Re8+ Rxe8
20. Qxe8+ Rd8 21. Qe7 Bxd1 22. Nxd1 Qxd4 23. Qe6+ Kb8 24. Qe1 Qf4+ 25. Kb1 Qd2
26. Qxd2 Rxd2 0-1

[Event "Let's Play Chess!"]
[Site "http://www.queenalice.com/game.php?id=309652"]
[Date "2007.11.25"]
[Round "-"]
[White "ninaum"]
[Black "paddymalonespub"]
[Result "1-0"]
[WhiteElo "1737"]
[BlackElo "1602"]

1. b4 e5 2. Bb2 Bxb4 3. f4 d6 4. fxe5 Nc6 5. exd6 Qxd6 6. Bxg7 f6 7. Bxh8 Nh6 8.
h3 Nf5 9. Nf3 Ne3 10. Qc1 Nc4 11. c3 Ba5 12. e3 Bf5 13. Bxc4 O-O-O 14. Nd4 Bxb1
15. Nxc6 Qxc6 16. Qxb1 Rxh8 17. Qf5+ Kb8 18. Bd5 Qc5 19. Rb1 b6 20. Qd7 Bxc3 21.
Rb5 Bxd2+ 22. Kxd2 Qf8 23. Qc6 Kc8 24. Qb7+ Kd7 25. Bc6+ Ke7 26. Qxc7+ Ke6 27.
Qd7# 1-0

[Event "Chess!"]
[Site "http://www.queenalice.com/game.php?id=321709"]
[Date "2007.12.19"]
[Round "-"]
[White "ninaum"]
[Black "junelorena"]
[Result "1-0"]
[WhiteElo "1775"]
[BlackElo "1640"]

1. e4 c5 2. Nf3 Nc6 3. d4 cxd4 4. Nxd4 d6 5. Nc3 e5 6. Ndb5 Nf6 7. Nd5 Nxd5 8.
exd5 Ne7 9. c4 a6 10. Qa4 Bd7 11. Nxd6# 1-0

[Event "Let's Play Chess!"]
[Site "http://www.queenalice.com/game.php?id=322384"]
[Date "2007.12.19"]
[Round "-"]
[White "ninaum"]
[Black "CampbellMarcel"]
[Result "1-0"]
[WhiteElo "1796"]
[BlackElo "1628"]

1. e4 Nc6 2. Nf3 d6 3. d4 Bg4 4. Be2 Nf6 5. Nc3 e6 6. Bg5 Be7 7. O-O h6 8. Bh4
g5 9. Bg3 Nh5 10. Ne1 Bxe2 11. Nxe2 Qd7 12. Nc3 O-O-O 13. Qxh5 Nxd4 14. Qd1 e5
15. Ne2 f5 16. Nxd4 exd4 17. exf5 c5 18. Qd3 h5 19. f3 Rdf8 20. c3 h4 21. Bf2
Rxf5 22. cxd4 Rd5 23. Qa3 b6 24. Rc1 Kb7 25. Nc2 g4 26. Qb3 Rdh5 27. fxg4 Qxg4
28. dxc5 dxc5 29. Ne3 Qc8 30. Rcd1 h3 31. Qa4 hxg2 32. Rd7+ 1-0

[Event "Let's Play Chess!"]
[Site "http://www.queenalice.com/game.php?id=322385"]
[Date "2007.12.19"]
[Round "-"]
[White "CampbellMarcel"]
[Black "ninaum"]
[Result "0-1"]
[WhiteElo "1634"]
[BlackElo "1786"]

1. e4 e5 2. Nf3 Nc6 3. Bc4 Bc5 4. O-O Nf6 5. Nc3 O-O 6. a3 h6 7. b4 Bb6 8. Nd5
Nxe4 9. Nxb6 axb6 10. d3 Nd6 11. Bb3 Re8 12. Re1 e4 13. dxe4 Rxe4 14. Rxe4 Nxe4
15. Qd5 Qf6 16. Bb2 Qg6 17. Re1 Nf6 18. Bxf6 Qxf6 19. Re8+ Kh7 20. c4 Rxa3 21.
Bc2+ g6 22. h3 d6 23. Rxc8 Ne7 24. Qxb7 Nxc8 25. Qxc8 Ra1+ 26. Kh2 Qf4+ 27. g3
Qxf3 28. Bxg6+ Kg7 29. Qf5 Qh1# 0-1

[Event "Let's Play Chess!"]
[Site "http://www.queenalice.com/game.php?id=334994"]
[Date "2008.1.12"]
[Round "-"]
[White "ninaum"]
[Black "CJ"]
[Result "1-0"]
[WhiteElo "1856"]
[BlackElo "1728"]

1. e4 e5 2. Nf3 Nc6 3. Bc4 Nh6 4. d4 d6 5. Bxh6 gxh6 6. dxe5 Nxe5 7. Nxe5 dxe5
8. Bxf7+ Ke7 9. Qxd8+ Kxd8 10. Nd2 Ke7 11. Bb3 Bg7 12. O-O-O Rf8 13. f3 Be6 14.
Bxe6 Kxe6 15. Nb3 Rad8 16. Nc5+ Kf6 17. Nxb7 Rxd1+ 18. Rxd1 h5 19. Rd7 Bh6+ 20.
Kd1 Ke6 21. Rxh7 Rf6 22. Rxc7 Be3 23. Rc6+ Ke7 24. Rxf6 Kxf6 25. Na5 Kg5 26. Nc4
Bd4 27. c3 Bc5 28. Nxe5 Bb6 29. Ke2 Bc7 30. Nc6 a6 31. g3 a5 32. e5 Kf5 33. f4
Kg4 34. e6 Kh3 35. e7 Kxh2 36. Kf3 Bb6 37. e8=Q a4 38. Qxh5+ 1-0

[Event "Let's Play Chess!"]
[Site "http://www.queenalice.com/game.php?id=334995"]
[Date "2008.1.12"]
[Round "-"]
[White "CJ"]
[Black "ninaum"]
[Result "0-1"]
[WhiteElo "1559"]
[BlackElo "1805"]

1. e4 e5 2. Nf3 Nc6 3. b3 Nf6 4. Ba3 Bxa3 5. Nxa3 Qe7 6. Bc4 Nxe4 7. Nb5 d6 8.
d3 Nf6 9. O-O a6 10. Nxc7+ Qxc7 11. Ng5 O-O 12. Nxf7 Rxf7 13. Bxf7+ Kxf7 14. Qf3
Be6 15. g3 Rf8 16. Rae1 Nd4 17. Qg2 Qc8 18. c4 Bh3 19. Qd5+ Nxd5 20. cxd5 Bxf1
21. Kxf1 Qh3+ 22. Kg1 Nf3+ 0-1

[Event "Let's Play Chess!"]
[Site "http://www.queenalice.com/game.php?id=338330"]
[Date "2008.1.18"]
[Round "-"]
[White "ninaum"]
[Black "spawnwolfwolverine"]
[Result "1-0"]
[WhiteElo "1830"]
[BlackElo "1679"]

1. e4 e5 2. Nf3 d6 3. d4 exd4 4. Nxd4 Be7 5. Nc3 Nc6 6. Bc4 Nf6 7. Nxc6 bxc6 8.
f3 d5 9. Bd3 O-O 10. Bf4 dxe4 11. Nxe4 Nxe4 12. Bxe4 Bb7 13. Qxd8 Bxd8 14. O-O-O
g6 15. Rhe1 f5 16. Bd3 a5 17. Bh6 Rf7 18. Bc4 Bf6 19. Rd7 Rf8 20. Bxf8 Kxf8 21.
Rxf7+ Kg8 22. Rxf6+ Kg7 23. Rf7+ Kh6 24. Ree7 c5 25. h4 g5 26. Re6+ Kh5 27.
Rxh7# 1-0

[Event "Let's Play Chess!"]
[Site "http://www.queenalice.com/game.php?id=338331"]
[Date "2008.1.18"]
[Round "-"]
[White "spawnwolfwolverine"]
[Black "ninaum"]
[Result "1-0"]
[WhiteElo "1713"]
[BlackElo "1876"]

1. c4 e5 2. d3 Nf6 3. e4 c6 4. Nf3 d5 5. Be2 dxe4 6. dxe4 Bb4+ 7. Bd2 Qa5 8. O-O
Nxe4 9. Bxb4 Qxb4 10. b3 f6 11. Nbd2 Nxd2 12. Qxd2 Qxd2 13. Nxd2 Be6 14. h3 Nd7
15. Bg4 Bxg4 16. hxg4 Ke7 17. Ne4 h5 18. f3 hxg4 19. fxg4 Rh4 20. b4 Rxg4 21.
Nc5 Nxc5 22. bxc5 Rxc4 23. Rab1 Rb8 24. Rfc1 Rxc1+ 25. Rxc1 Kd7 26. a4 b6 27.
Kf2 a6 28. Kf3 b5 29. axb5 axb5 30. Ke4 Rh8 31. Rd1+ Kc7 32. g4 Rh3 33. Kf5 b4
34. Kg6 Rg3 35. Kxg7 f5 36. Kf6 fxg4 37. Kxe5 Rc3 38. Kf4 g3 39. Rg1 b3 40. Rxg3
Rxg3 41. Kxg3 b2 42. Kf3 b1=Q 43. Ke3 Kd7 44. Kd4 1-0

[Event "Let's Play Chess!"]
[Site "http://www.queenalice.com/game.php?id=341341"]
[Date "2008.1.23"]
[Round "-"]
[White "ninaum"]
[Black "marvgiff"]
[Result "1-0"]
[WhiteElo "1811"]
[BlackElo "1783"]

1. e4 e5 2. Nf3 Nc6 3. Bc4 h6 4. d4 Na5 5. Nxe5 Nxc4 6. Nxc4 b5 7. Ne3 c6 8. O-O
Nf6 9. e5 Nd5 10. Nxd5 cxd5 11. Nc3 a6 12. Nxd5 Bb7 13. Ne3 Be7 14. Nf5 O-O 15.
Qg4 Bg5 16. h4 Bxc1 17. Qxg7# 1-0

[Event "Let's Play Chess!"]
[Site "http://www.queenalice.com/game.php?id=341342"]
[Date "2008.1.23"]
[Round "-"]
[White "marvgiff"]
[Black "ninaum"]
[Result "0-1"]
[WhiteElo "1521"]
[BlackElo "1826"]

1. e4 e5 2. Nf3 Nc6 3. d4 exd4 4. Nxd4 Qh4 5. Nc3 Bb4 6. Nxc6 Qxe4+ 7. Qe2 Qxe2+
8. Bxe2 dxc6 9. O-O Ne7 10. Ne4 O-O 11. c3 Ba5 12. b4 Bb6 13. a4 a5 14. Bc4 axb4
15. cxb4 Bf5 16. Re1 Nd5 17. Bxd5 cxd5 18. Nc5 Bxc5 19. bxc5 Ra5 20. Re5 Be6 21.
Be3 Rfa8 22. f4 g6 23. Bd4 Rxa4 24. Rf1 Rxd4 25. g4 Bxg4 26. Rfe1 Ra2 27. Re8+
Kg7 28. Rc1 Rdd2 0-1